000 00869nac a22002291u 4500
008 160526b xxu||||| |||| 00| 0 eng d
020 _a818858392 :
082 0 0 _a658.562
_bARO
100 _aArora, K. C.
245 1 0 _aISO 9000 to OHAS 18001: [ISO 9000 (2000), ISO 10006, 11, 12, 13, ISO 14000, SA 8000, ISO 2859, ISO 16949, OHSAS 18001, SIX Sigma, etc. ] /
_cK. C. Arora
260 _aDelhi :
_bS. K. Kataria & Sons,c2003.
_cc2003.
300 _avi, 1139 p. :
_bill. ;
_c24 cm.
500 _aDistributer :Al Ahram.
500 _aIncludes index.
511 _aCatalogued By : Sara
650 0 _aQuality control
_xStandards.
_2BUEsh
650 0 _aQuality assurance
_xStandards.
_2BUEsh
650 0 _aManufactures
_xQuality control
_xStandards.
_2BUEsh
650 0 _aISO 9000 Series Standards.
_2BUEsh
651 _2BUEsh
942 _cBB
_k658.562ARO
_2ddc
999 _c9118
_d9118